Autoroute A1 - Statistiques

Statistiques générales
  • Ce quiz a été pris 47 fois
  • Le résultat moyen est 28 sur 89
Statistiques - réponses
Indice Réponse % Correct
Frontière départementale Paris
88%
Frontière départementale Nord
81%
Frontière départementale Pas-de-Calais
78%
Frontière départementale Pas-de-Calais
78%
Pont Pont sur l'Oise
78%
Frontière départementale Oise
75%
Frontière départementale Oise
75%
Frontière départementale Seine-Saint-Denis
75%
Frontière départementale Seine-Saint-Denis
75%
Pont Pont sur la Somme
72%
Frontière départementale Somme
72%
Frontière départementale Somme
72%
Frontière départementale Val-d'Oise
72%
Frontière départementale Val-d'Oise
72%
Sortie 15 Arras
69%
Sortie 3 Saint-Denis
66%
Échangeur A2
63%
Échangeur A26
59%
Sortie 8 Senlis
56%
Sortie 8 Senlis
56%
Tunnel Tranchées couvertes de Roissy
53%
Échangeur A25
50%
Échangeur A29
50%
Échangeur A3
50%
Échangeur A3
50%
Échangeur A3
50%
Sortie 6 Aéroport de Roissy - Charles de Gaulle
50%
Frontière régionale Hauts-de-France
50%
Frontière régionale Île-de-France
50%
Sortie 13 Péronne
50%
Échangeur A21
47%
Échangeur A22
44%
Échangeur A86
44%
Sortie Parc Astérix
44%
Échangeur Périphérique
44%
Sortie 1 Porte de la Chapelle
44%
Sortie 2 Stade de France
44%
Sortie 2 Stade de France
44%
Sortie 20/20a Aéroport de Lille - Lesquin
38%
Sortie 16.1 Hénin-Beaumont
38%
Sortie 17 Hénin-Beaumont
38%
Sortie 12 Roye
38%
Sortie 13.1 Albert
25%
Sortie 4b La Courneuve
25%
Aire de service La Courneuve
25%
Sortie 19 Seclin
25%
Sortie 14 Bapaume
22%
Échangeur N104
22%
Aire de service Phalempin
22%
Sortie 18 Carvin
19%
Sortie 5 Le Blanc-Mesnil
19%
Tunnel Tranchée couverte du Blanc-Mesnil
19%
Sortie 20b Faches-Thumesnil
13%
Échangeur N356
13%
Sortie 4a Stains
13%
Tunnel Tunnel du Landy
13%
Gare de péage Fresnes-lès-Montauban
9%
Sortie 16 Biache-Saint-Vaast
6%
Gare de péage Chamant
6%
Sortie 9 Pont-Sainte-Maxence
6%
Sortie 11 Ressons
6%
Sortie 6 Roissy-en-France
6%
Sortie 7 Survilliers
6%
Aire de repos Survilliers
6%
Sortie 10 Arsy
3%
Aire de service Assevillers
3%
Aire de repos Bois d'Arsy
3%
Aire de repos Chennevières
3%
Aire de repos Chevrières
3%
Aire de repos Longueil-Sainte-Marie
3%
Pont Pont sur la Scarpe
3%
Aire de repos Remy
3%
Aire de repos Roberval
3%
Aire de repos Tilloloy
3%
Aire de service Vémars
3%
Pont Viaduc de Roberval
3%
Pont Viaduc du Canal de Saint-Denis
3%
Aire de repos Villeron
3%
Échangeur A1a
0%
Aire de repos Beaulencourt
0%
Aire de repos Croisilles
0%
Aire de repos Feuillères
0%
Aire de repos Fonches
0%
Aire de repos Goyencourt
0%
Aire de repos Hattecourt
0%
Sortie 17.1 Plate-forme multimodale
0%
Pont Pont sur le canal de la Deûle
0%
Aire de service Saint-Léger
0%
Aire de service Wancourt
0%
Aucun quiz correspondant
Distribution des résultats
% des personnes avec chaque résultat
Percentile par nombre de réponses
Votre historique - résultats
Vous n’avez pas pris ce quiz